Douglas Adams Bibliography - Statistics

General Stats
  • This quiz has been taken 16 times
  • The average score is 10 of 37
Answer Stats
Type Year Name % Correct
Radio Series 1978 The Hitchhiker's Guide to the Galaxy
94%
Novel 1979 The Hitchhiker's Guide to the Galaxy
94%
TV Show Writer 1981 The Hitchhiker's Guide to the Galaxy
94%
Video Game Writer 1984 The Hitchhiker's Guide to the Galaxy
94%
Screenplay 2005 The Hitchhiker's Guide to the Galaxy
94%
Novel 1980 The Restaurant at the End of the Universe
88%
Novel 1984 So Long, and Thanks for All the Fish
81%
Novel 1992 Mostly Harmless
63%
Novel 1982 Life, the Universe and Everything
50%
Novel 1988 The Long Dark Tea-Time of the Soul
50%
TV Show Writer 1978-1979, 1983 Doctor Who
44%
Book 1990 Last Chance to See
38%
Video Game Writer 1998 Starship Titanic
31%
Writings Collection 2002 The Salmon of Doubt
31%
Book 1983 The Meaning of Liff
25%
TV Show Writer 1974 Monty Python's Flying Circus
6%
TV Show Writer 1979-1980 Shada
6%
Short Story 1975 The Private Life of Genghis Khan
6%
Short Story 1986 Young Zaphod Plays It Safe
6%
Video Game Writer 1987 Bureaucracy
0%
TV Show Writer 1979 City of Death
0%
TV Show Writer 1979 Destiny of the Daleks
0%
Novel 1987 Dick Gently's Holistic Detective Agency
0%
TV Show Writer 1977 Doctor on the Go
0%
TV Show Writer 1979 Doctor Snuggles
0%
Internet Project 1999 h2g2
0%
TV Documentary Writer 1990 Hyperland
0%
TV Show Writer 1979 Not the Nine O'Clock News
0%
TV Show Writer 1976 Out of the Trees
0%
Video Talk 2001 Parrots, the Universe and Everything
0%
Book 1990 The Deeper Meaning of Liff
0%
Radio Series 2001 The Hitchhiker's Guide to the Future
0%
Book 1985 The Hitchhiker's Guide to the Galaxy: The Original Radio Scripts
0%
Book 1994 The Illustrated Hitchhiker's Guide to the Galaxy
0%
Radio Series 2000 The Internet: The Last Battleground of the 20th Century
0%
TV Show Writer 1978 The Pirate Planet
0%
Book 1986 The Utterly Utterly Merry Comic Relief Christmas Book
0%
No matching quizzes found
Score Distribution
Percent of People with Each Score
Percentile by Number Answered
Your Score History
You have not taken this quiz